skbl

Dr Suryya Kumar Bhuyan Library Web-OPAC
ডঃ সূৰ্য্য
কুমাৰ ভূঞা পুথিভঁৰাল ৱেব-অ'পেক

All Research Scholars are advised to clear the annual library fees to continue using Library Resources, Remote Access, Plagiarism Test and Library Clearance.

Cotton University Book Fair 2026

Object-Oriented Programming in C ++ / (Record no. 2828)

MARC details
000 -LEADER
fixed length control field 00766nam a2200277Ia 4500
001 - CONTROL NUMBER
control field 2835
005 - DATE AND TIME OF LATEST TRANSACTION
control field 20240113233557.0
007 - PHYSICAL DESCRIPTION FIXED FIELD--GENERAL INFORMATION
fixed length control field ta
008 - FIXED-LENGTH DATA ELEMENTS--GENERAL INFORMATION
fixed length control field 170722s2001 ii a g b000 u 465 u
020 ## - INTERNATIONAL STANDARD BOOK NUMBER
International Standard Book Number 81-203-0889-1
040 ## - CATALOGING SOURCE
Original cataloging agency Computer (Stack)
041 ## - LANGUAGE CODE
Language code of text/sound track or separate title eng
082 ## - DEWEY DECIMAL CLASSIFICATION NUMBER
Classification number 001.642
Item number Ba 23 Ab
100 ## - MAIN ENTRY--PERSONAL NAME
Personal name Barkakati, Nabajyoti .,
Relator term Author.
245 #0 - TITLE STATEMENT
Title Object-Oriented Programming in C ++ /
Statement of responsibility, etc. Nabajyoti Barkakati.
Medium Textual Documents
250 ## - EDITION STATEMENT
Edition statement Eastern Economy ed. /
260 ## - PUBLICATION, DISTRIBUTION, ETC.
Place of publication, distribution, etc. New Delhi :
Name of publisher, distributor, etc. Prentice-Hall of India(Pvt Ltd) ,
Date of publication, distribution, etc. 2001.
300 ## - PHYSICAL DESCRIPTION
Extent 666p. :
Other physical details ill ;
Dimensions 24 cm .
504 ## - BIBLIOGRAPHY, ETC. NOTE
Bibliography, etc. note Index.
653 ## - INDEX TERM--UNCONTROLLED
Uncontrolled term Computer Programming
942 ## - ADDED ENTRY ELEMENTS (KOHA)
Source of classification or shelving scheme Dewey Decimal Classification
Koha item type Books
Holdings
Withdrawn status Lost status Damaged status Not for loan Home library Current library Date acquired Coded location qualifier Total checkouts Full call number Barcode Date last seen Copy number Price effective from Koha item type
        Dr. Suryya Kumar Bhuyan Library Dr. Suryya Kumar Bhuyan Library 01/02/2012 00000   001.642 Ba 23 Ab 90658 13/01/2024 3 01/02/2012 Books
        Dr. Suryya Kumar Bhuyan Library Dr. Suryya Kumar Bhuyan Library 01/02/2012 00000   001.642 Ba 23 Ab 1215/el 13/01/2024 2 01/02/2012 Books
        Dr. Suryya Kumar Bhuyan Library Dr. Suryya Kumar Bhuyan Library 01/02/2012 00000   001.642 Ba 23 Ab 89788/Comp 13/01/2024 1 01/02/2012 Books

Designed and Maintained by Team SKBL
©1901-2026

Powered by Koha